LEADER 00856nam0-22003131--450- 001 990008216470403321 005 20051102122125.0 010 $a88-13-24175-5 035 $a000821647 035 $aFED01000821647 035 $a(Aleph)000821647FED01 035 $a000821647 100 $a20051102d2002----km-y0itay50------ba 101 0 $aita 102 $aIT 105 $ay---n---001yy 200 1 $a<>incapacità naturale$fVincenzo Maurini 210 $aPadova$cCEDAM$d2002 215 $aIX, 195 p.$d24 cm 225 1 $a<>monografie di Contratto e impresa$v69 676 $a346.45012$v19$zita 700 1$aMaurini,$bVincenzo$0226016 801 0$aIT$bUNINA$gRICA$2UNIMARC 901 $aBK 912 $a990008216470403321 952 $aVIII P 19(69)$b45965*$fFGBC 959 $aFGBC 996 $aIncapacità naturale$9739402 997 $aUNINA LEADER 01595nam 2200409 450 001 9910705380003321 005 20140428092730.0 035 $a(CKB)5470000002449574 035 $a(OCoLC)878392720 035 $a(EXLCZ)995470000002449574 100 $a20140428d1934 ua 0 101 0 $aeng 135 $aurbn||||||||| 181 $ctxt$2rdacontent 182 $cc$2rdamedia 183 $acr$2rdacarrier 200 10$aAmendment to code of fair competition for the fabricated metal products manufacturing and metal finishing and metal coating industry as approved on June 1, 1934 210 1$aWashington :$cUnited States Government Printing Office,$d1934. 215 $a1 online resource (4 pages) 300 $aTitle from title screen (viewed Apr. 28, 2014). 300 $aAt head of title: National Recovery Administration. 300 $a"Registry no. 1118-06." 300 $a"Approved code no. 84--Amendment no. 1." 300 $aPublication pre-dates item numbers. No item number has been assigned. 517 3 $aFabricated metal products manufacturing and metal finishing and metal coating industry 606 $aMetal coating 606 $aMetals$xFinishing 606 $aMetal-work 615 0$aMetal coating. 615 0$aMetals$xFinishing. 615 0$aMetal-work. 801 0$bGPO 801 1$bGPO 906 $aBOOK 912 $a9910705380003321 996 $aAmendment to code of fair competition for the fabricated metal products manufacturing and metal finishing and metal coating industry as approved on June 1, 1934$93346254 997 $aUNINA